00265nam a22000857a 4500008004100000082001600041245006800057260004600125300000800171230606b xxu||||| |||| 00| 0 eng d a354.27bNTA aCitizen's CDF Report CardbBahari constituency, kilifi district bnational taxpayers associationscfeb 2010 a61p